000
00245nam a2200097Ia 4500
001
863320
005
20250826175448.0
008
250824s9999 xx 000 0 und d
245
0
_a
KAPALI GİŞE YALNIZLIK
_c
SERKAN ÖZEL
260
_b
DESTEK YAYINLARI
999
_c
863320
_d
863320